Statistics for Teams Ohio State Football has beaten since the 2006 season

Click here to take the quiz!

General Stats

  • This quiz has been taken 766 times
    (477 since last reset)
  • The average score is 29 of 54

Answer Stats

Number of timesAnswer% Correct
13Michigan
99%
1Alabama
96%
10Michigan State
95%
12Penn State
92%
4Iowa
88%
11Wisconsin
88%
13Indiana
87%
2Oregon
85%
8Northwestern
84%
7Rutgers
84%
10Illinois
83%
6Maryland
83%
5Purdue
82%
1Clemson
80%
8Minnesota
80%
6Nebraska
80%
1USC
76%
1Texas
75%
1Notre dame
74%
1Miami Florida
73%
2Miami Ohio
73%
1Oklahoma
69%
2Washington
63%
2Akron
60%
2Toledo
58%
2Ohio
57%
2Bowling Green
52%
1Virginia Tech
51%
3Cincinnati
49%
2Kent State
46%
1Arkansas
42%
1Western Michigan
42%
1Oregon State
41%
1TCU
39%
1Eastern Michigan
36%
1Colorado
34%
2Navy
34%
1Army
33%
1Buffalo
32%
1Tulsa
32%
2Northern Illinois
30%
2California
27%
1Tulane
25%
1Hawaii
23%
1UNLV
23%
2Youngstown State
23%
1UCF
22%
1Florida Atlantic
21%
1Marshall
20%
1San Diego State
17%
1Florida A&M
16%
1New Mexico State
16%
1UAB
12%
1Troy
10%

Score Distribution

Percentile by Number Answered

Percent of People with Each Score

Your Score History

You have not taken this quiz since the last reset